Australian geography by letter: M - Statistics

General Stats
  • This quiz has been taken 32 times
  • The average score is 6 of 18
Answer Stats
Hint Answer % Correct
Major river that forms most of the NSW/Victorian border and continues well into South Australia Murray
93%
Intelligent songbird that can recognise the people who live in its territory Magpie
56%
A Spanish breed of sheep successfully developed into Australian variants by John Macarthur Merino
56%
One of the two peninsulas that hug Port Phillip Bay, and a popular tourist and retirement destination Mornington Peninsula
56%
Northernmost city in Victoria Mildura
52%
Town and tourist destination on the far south coast of NSW Merimbula
48%
Hot, sandy region of northern Victoria and South Australia Mallee
41%
Large suburb on the Sunshine Coast Maroochydore
37%
Where dolphins and people go to see each other Monkey Mia
37%
Easternmost town in Victoria Mallacoota
33%
Part of Townsville that has wild koalas and bats, the ruins of a WWII fort, and a national park, as well as residential neighbourhoods Magnetic Island
26%
The very useful paperbark tree Melaleuca quinquenervia
19%
Largest of the Tiwi islands Melville Island
19%
Forest and weir east of Perth Mundaring
19%
Harbour in western Tasmania and location of the Sarah Island penal colony Macquarie Harbour
15%
Town and thermal springs in the Northern Territory Mataranka
15%
Acacia aneura, an outback tree Mulga
7%
The Woiworrung and most commonly used name for the yam daisy, a significant source of food for Indigenous people until yields and access were destroyed by grazing and agriculture Murnong
0%
No matching quizzes found
Score Distribution
Percent of People with Each Score
Percentile by Number Answered
Your Score History
You have not taken this quiz